• 首页
  • 本馆介绍
  • 公告通知
  • 最新文献
  • 馆藏检索
  • 电子资源
  • 读者导购
  • 参考咨询
  • 我的图书馆
  • 登录
  • 详细信息显示
  • 放入我的书架
  • 预约/预借图书
  • 作者相关作品
  • 分类相关作品
  • 丛书相关作品
  • 出版社相关作品

书目信息

  • 表格格式
  • 工作单格式
  • 卡片格式
题名:
西厢记
    
 
作者: 王实甫 著
分册:  
出版信息: 武汉   崇文书局  2019
页数: 248页, [7] 叶图版
开本: 20cm
丛书名: 青春插画版四大古典名剧
单 册:
中图分类: I237.1
科图分类:
主题词: 杂剧--za ju--剧本--中国--元代
电子资源:
ISBN: 978-7-5403-5551-7
000 01114nam 2200253 450
001 2360297804
005 20231120214042.57
010    @a978-7-5403-5551-7@dCNY46.80
100    @a20191209d2019 em y0chiy50 ea
101 0  @achi
102    @aCN@b420000
105    @aaf z 000by
200 1  @a西厢记@Axi xiang ji@f(元) 王实甫著
210    @a武汉@c崇文书局@d2019
215    @a248页, [7] 叶图版@c彩图@d20cm
225 2  @a青春插画版四大古典名剧@Aqing chun cha hua ban si da gu dian ming ju
314    @a王实甫, 生平不详, 元代戏曲家, 大都人。
330    @a《西厢记》通常被评价为一部“反封建礼教”的作品。同时它也有一个显著的特点, 是作者很少从观念的冲突上着笔, 而是直接切入生活本身, 来描绘青年男女对自由的爱情的渴望, 情与欲的不可遏制和正当合理, 以及青年人的生活愿望与出于势利考虑的家长意志之间的冲突。全书版本权威彩色印刷, 配上与内容有关的戏曲插画。本书还配有相关的书签及明信片, 是一套普及昆曲的图书。
410  0 @12001 @a青春插画版四大古典名剧
606 0  @a杂剧@Aza ju@x剧本@y中国@z元代
690    @aI237.1@v5
701  0 @a王实甫@AWang Shifu@4著
801  0 @aCN@b山东中教@c20230926
905    @aBZT@dI237.1@e5
    
    西厢记/(元) 王实甫著.-武汉:崇文书局,2019
    248页, [7] 叶图版:彩图;20cm.-(青春插画版四大古典名剧)
    
    
    ISBN 978-7-5403-5551-7:CNY46.80
    《西厢记》通常被评价为一部“反封建礼教”的作品。同时它也有一个显著的特点, 是作者很少从观念的冲突上着笔, 而是直接切入生活本身, 来描绘青年男女对自由的爱情的渴望, 情与欲的不可遏制和正当合理, 以及青年人的生活愿望与出于势利考虑的家长意志之间的冲突。全书版本权威彩色印刷, 配上与内容有关的戏曲插画。本书还配有相关的书签及明信片, 是一套普及昆曲的图书。
●
相关链接 在五车中查询图书 在当当中查询图书 在豆瓣中查询图书


正题名:西厢记     索取号:I237.1/5         预约/预借

序号 登录号 条形码 馆藏地/架位号 状态 备注
1 2000964743   2000964743   第四书库/四12架B面5层2列/ [索取号:I237.1/5] 在馆    
2 2000964744   2000964744   第四书库/四12架B面5层2列/ [索取号:I237.1/5] 在馆    
3 2000964745   2000964745   第四书库/四12架B面5层2列/ [索取号:I237.1/5] 在馆    
4 2000964746   2000964746   第四书库/四12架B面5层2列/ [索取号:I237.1/5] 在馆    
5 2000964747   2000964747   第四书库/四12架B面5层2列/ [索取号:I237.1/5] 在馆    
6 2000964748   2000964748   第四书库/四12架B面5层2列/ [索取号:I237.1/5] 在馆    
山东省滨州职业学院图书馆 欢迎您!
大连网信软件有限公司© 版权所有